| 000 | 00895nam a22002175i 4500 | ||
|---|---|---|---|
| 001 | 48622 | ||
| 003 | ES-MaACL | ||
| 005 | 20250805063239.0 | ||
| 007 | t| | ||
| 008 | 950721s1897 po ||||1| por d | ||
| 100 | 1 |
_aDelgado, Joaquim Filipe Nery, _d1835-1908 _943410 |
|
| 245 | 1 | 0 |
_aFauna silurica de Portugal _b: novas observaçôes ácerca de lichas (uralichas) ribeiroi / _cpor J.F.N. Delgado. |
| 260 |
_aLisboa : _bDirecçâo dos Trabalhos Geologicos de Portugal, _c1897 ( _ftypographia da Academia Real das Sciencias) |
||
| 300 |
_a34 p., IV h. de lám ; _c32 cm ; _c32 cm. |
||
| 500 | _aEn el interior, port. y texto paralelo en francés. | ||
| 650 | 4 |
_aPaleontología- _zPortugal. _9167307 |
|
| 710 | 2 |
_aAcademia das Ciências de Lisboa. _91159 |
|
| 710 | 2 |
_aDirecçâo dos Trabalhos Geologicos de Portugal. _93398 |
|
| 852 |
_aES-MaACL _jG-6155(2) |
||
| 999 |
_c48622 _d48622 |
||